| 000 | 00765nam a2200253Ia 4500 | ||
|---|---|---|---|
| 003 | OSt | ||
| 005 | 20221006143052.0 | ||
| 006 | a|||||r|||| 00| 0 | ||
| 007 | ta | ||
| 008 | 221006b |||||||| |||| 00| 0 eng d | ||
| 020 | _cY200 | ||
| 024 | _a7,958 | ||
| 037 |
_bGift, _cTextual |
||
| 040 |
_aEASL _cEASL _beng |
||
| 041 |
_2eng _aeng |
||
| 082 | _aX.42.N80, M3 | ||
| 100 |
_aDOI Masayuki _9649101 |
||
| 245 | 0 | _aAnalysis of strategies for urban transportsation problems in developing countries | |
| 260 |
_aTokyo _bInternational Development Center of Japan Japan _c1983 |
||
| 300 |
_a30p. _ccm. |
||
| 490 |
_v JEL _aIDCJ Working Papers Series, No. 25 |
||
| 942 |
_hX.42.N80, M3 _cTEXL _2CC |
||
| 999 |
_c1076044 _d1076044 |
||